<?xml version="1.0" encoding="UTF-8"?>
<record
    xmlns:xsi="http://www.w3.org/2001/XMLSchema-instance"
    xsi:schemaLocation="http://www.loc.gov/MARC21/slim http://www.loc.gov/standards/marcxml/schema/MARC21slim.xsd"
    xmlns="http://www.loc.gov/MARC21/slim">

  <leader>01760nam a22001817a 4500</leader>
  <controlfield tag="008">180417b        xxu||||| |||| 00| 0 eng d</controlfield>
  <datafield tag="020" ind1=" " ind2=" ">
    <subfield code="a">0521498813</subfield>
  </datafield>
  <datafield tag="050" ind1=" " ind2=" ">
    <subfield code="a">GF13.N37</subfield>
  </datafield>
  <datafield tag="245" ind1=" " ind2=" ">
    <subfield code="a">Nature and society in historical context. /</subfield>
  </datafield>
  <datafield tag="260" ind1=" " ind2=" ">
    <subfield code="a">New York:</subfield>
    <subfield code="b">Cambridge Univ. Pres;</subfield>
    <subfield code="c">1997.</subfield>
  </datafield>
  <datafield tag="300" ind1=" " ind2=" ">
    <subfield code="a">xv, 404p. ; ill.,</subfield>
    <subfield code="c">24cm.</subfield>
  </datafield>
  <datafield tag="500" ind1=" " ind2=" ">
    <subfield code="a">Includes index</subfield>
  </datafield>
  <datafield tag="505" ind1=" " ind2=" ">
    <subfield code="a">Contents: Introduction: 1: Knowledge of nature and society -- 2: Two conceptions of the world in Greek and Roman thought:cyclicity and degeneration -- 3: Byzantine fools: the link between nature and society -- 4: The 'chaotic spaces' of medieval madness: thoughts on the English and Welsh experience -- 5: On the perception of nature in a Renaissance society -- 6: Fables of the bees: a case-study on views of nature and society -- 7: The earth's fertility as a social fact in early modern England -- 8: The island and the history of environmentalism: the case of St Vincent -- 9: Art and nature in pre-classical economics of the seventeenth and eighteenth centuries -- 10: The urban and the rustic in enlightenment London -- 11: Science, society and culture in the romantic -- 12: The anti-romantic tomantics: nature, knowledge and identity -- 13: The wordy worship of nature and the tacit feeling for nature in the history of German forestry -- 14: 'Let us begin with the weather': climate, race and cultural distinctiveness in the American south -- 15: Wild west imagery: landscape perception in nineteenth-century America -- 16: On human nature: Darwin and the anthropologists -- 17: The nature of morality and the morality of nature: problems of normative natural philosophy.</subfield>
  </datafield>
  <datafield tag="700" ind1=" " ind2=" ">
    <subfield code="a">Teich , Mikulas</subfield>
  </datafield>
  <datafield tag="700" ind1=" " ind2=" ">
    <subfield code="a">Porter , Roy</subfield>
  </datafield>
  <datafield tag="700" ind1=" " ind2=" ">
    <subfield code="a">Gustafsson ,Bo</subfield>
  </datafield>
  <datafield tag="942" ind1=" " ind2=" ">
    <subfield code="2">lcc</subfield>
    <subfield code="c">BK</subfield>
  </datafield>
  <datafield tag="999" ind1=" " ind2=" ">
    <subfield code="c">6586</subfield>
    <subfield code="d">14086</subfield>
  </datafield>
  <datafield tag="952" ind1=" " ind2=" ">
    <subfield code="0">0</subfield>
    <subfield code="1">0</subfield>
    <subfield code="2">lcc</subfield>
    <subfield code="4">0</subfield>
    <subfield code="7">0</subfield>
    <subfield code="a">WIUC-1</subfield>
    <subfield code="b">WIUC-1</subfield>
    <subfield code="c">REF</subfield>
    <subfield code="d">2018-04-17</subfield>
    <subfield code="l">0</subfield>
    <subfield code="o">GF13. N37</subfield>
    <subfield code="p">8190/008/18</subfield>
    <subfield code="r">2018-04-17 00:00:00</subfield>
    <subfield code="t">1</subfield>
    <subfield code="w">2018-04-17</subfield>
    <subfield code="y">BK</subfield>
  </datafield>
</record>
